South Dakota State Football: Top 10 All-Time Leaders - Statistics

General Stats
  • This quiz has been taken 5 times
  • The average score is 19 of 63
Answer Stats
Category # Player Amount % Correct
Receiving Yards 5 Dallas Goedert 2,988
75%
Rushing Yards 3 Isaiah Davis 4,548
75%
Receiving Yards 4 Josh Davis 3,192
75%
Passing Yards 2 Mark Gronowski 10,330
75%
Passing Yards 3 Austin Sumner 9,458
50%
Receiving Yards 6 Cade Johnson 2,872
50%
Interceptions T7 Jim Smith 10
50%
Passing Yards 4 Ryan Berry 6,023
50%
Tackles 2 Adam Bock 446
25%
Passing Yards 7 Andy Rennerfeldt 5,377
25%
Rushing Yards 6 Anthony Watson 3,712
25%
Passing Yards 6 Brad Nelson 5,382
25%
Rushing Yards 10 Brady Mengarelli 2,677
25%
Sacks 5 Caleb Sanders 21.5
25%
Interceptions 1 Charlie Clarksean 14
25%
Interceptions T7 Chris Coauette 10
25%
Tackles 1 Christian Rozeboom 475
25%
Interceptions T7 Conrad Kjerstad 10
25%
Rushing Yards 9 Cory Koenig 2,990
25%
Interceptions T3 Dalys Beanum 12
25%
Interceptions 6 Dan Dummermuth 11
25%
Passing Yards 8 Dan Fjeldheim 5,176
25%
Sacks T3 Danny Batten 23.0
25%
Rushing Yards 7 Dan Sonnek 3,304
25%
Tackles 6 Darrin Thurston 340
25%
Sacks T8 Darwin Bishop 17.5
25%
Tackles 10 Doug Miller 322
25%
Sacks 7 Eric Cohen 18.0
25%
Sacks T8 Eric Shroeder 17.5
25%
Tackles 3 Greg Osmundson 435
25%
Interceptions T7 Greg Osmundson 10
25%
Receiving Yards 7 Jadon Janke 2,786
25%
Receiving Yards 1 Jake Wieneke 5,157
25%
Receiving Yards 9 JaRon Harris 2,241
25%
Receiving Yards 8 Jason Schneider 2,404
25%
Receiving Yards 2 Jaxon Janke 3,666
25%
Tackles 5 J.D. Alexander 393
25%
Receiving Yards 3 Jeff Tiefenthaler 3,621
25%
Sacks 2 Jeff Wolgamott 27.0
25%
Interceptions T7 Je Ryan Butler 10
25%
Sacks T8 Jim Remme 17.5
25%
Rushing Yards 1 Josh Ranek 6,744
25%
Rushing Yards 5 Kyle Minett 4,277
25%
Rushing Yards 8 Les Tuma 3,018
25%
Tackles 7 Logan Backhaus 329
25%
Sacks 1 Mark Dunbar 28.0
25%
Tackles 8 Mark Huelskamp 328
25%
Interceptions 2 Mark Struck 13
25%
Interceptions T7 Mike Breske 10
25%
Passing Yards 10 Mike Busch 4,980
25%
Interceptions T3 Mike Jaunich 12
25%
Rushing Yards 4 Pierre Strong Jr. 4,527
25%
Sacks T3 Reece Winkelman 23.0
25%
Receiving Yards 10 Rusty Lenners 1,942
25%
Sacks 6 Ryan Earith 19.0
25%
Tackles 9 Sterne Akin 325
25%
Passing Yards 1 Taryn Christion 11,535
25%
Passing Yards 5 Ted Wahl 6,016
25%
Tackles 4 T.J. Lally 415
25%
Passing Yards 9 Todd McDonald 4,999
25%
Interceptions T7 Tyler Koch 10
25%
Interceptions T3 Wayne Rasmussen 12
25%
Rushing Yards 2 Zach Zenner 6,548
25%
No matching quizzes found
Score Distribution
Percent of People with Each Score
Percentile by Number Answered
Your Score History
You have not taken this quiz